Statistics for First names of actresses

Click here to take the quiz!

General Stats

  • This quiz has been taken 947 times
  • The average score is 10 of 15

Answer Stats

HintAnswer% Correct
HathawayAnne
97%
BullockSandra
97%
CyrusMiley
96%
WinsletKate
95%
LiuLucy
87%
LohanLindsay
78%
WaltersJulie
77%
AndrewsJulie
77%
DuffHilary
75%
BynesAmanda
68%
MendesEva
67%
UnionGabrielle
37%
BledelAlexis
36%
SalandaZoe
34%
PaxtonSara
17%

Score Distribution

Percentile by Number Answered

Percent of People with Each Score

Your Score History

You have not taken this quiz